000
00262nam a2200097Ia 4500
082
_a
AF MALH
245
0
_a
Liefste strooipop
100
_a
MALHERBE, Madeleine Kaapstad, 2004 1ste uitg
_9
92704
942
_c
BK
008
210817s9999 xx 000 0 und d
999
_c
378337
_d
378336